| 000 | 01136nam a2200361 c 4500 | ||
|---|---|---|---|
| 999 |
_c50667 _d50667 |
||
| 001 | 50667 | ||
| 003 | ES-MaCES | ||
| 005 | 20180417114234.0 | ||
| 008 | 180417s2018 sp f 000 | spa d | ||
| 017 |
_aV 516-2018 _bDL |
||
| 020 | _a9788491699613 | ||
| 040 |
_aES-MaCES _bspa _cES-MaCES |
||
| 100 | 1 |
_aLópez Gandía, Juan _916894 |
|
| 245 | 1 | 0 |
_aCurso de prevención de riesgos laborales _cJuan López Gandía, José Francisco Blasco Lahoz |
| 250 | _a19ª ed | ||
| 260 |
_aValencia _bTirant lo Blanch _c2018 |
||
| 300 |
_a412 p. _c24 cm |
||
| 490 | 1 | _aManuales | |
| 504 | _aBiblliografía: p. 407-412 | ||
| 541 | _cCompra | ||
| 650 | 4 |
_asalud en el trabajo _928347 |
|
| 650 | 4 |
_aseguridad en el trabajo _928348 |
|
| 650 | 4 |
_alegislación del trabajo _927166 |
|
| 650 | 4 |
_aEspaña _926964 |
|
| 650 | 4 |
_arégimen jurídico _929894 |
|
| 650 | 4 |
_amanual _929264 |
|
| 653 | 1 | 0 | _aSalud |
| 700 | 1 |
_aBlasco Lahoz, José Francisco _97894 |
|
| 775 | 0 |
_tCurso de prevención de riesgos laborales _w(ES-MaCES)47215 |
|
| 830 | 0 |
_aManuales (Tirant lo Blanch (Firma)) _933478 |
|
| 902 | _aLIB Libro | ||
| 942 |
_2CES _cBK _h3.1. |
||